000 00869nam a22002418a 4500
005 2009063001091.0
008 080929s2008 cau b 001 0 eng
010 _aENG-94299
020 _a9788120336520
_c250.00
035 _aEN-77832
037 _bDBAD / PUB
040 _adpl
_bEnglish
082 _a338.88
100 _aMisra, Sanjay
245 _aInternational business:
_btext and cases /
_cby Sanjay Misra [and] P.K. Yadav
260 _aNew Delhi
_bPHI Learning
_c2009
270 _aM-97 Connaught Circus
_bNew Delhi
_e110001
300 _axvii, 285p.
_c25cm(pbk)
500 _aIncludes index
700 _aYadav, P.K.
942 _2ddc
_cEN
_mMIS
_h338.88
999 _c27986
_d27986